Lippincott's State board review for NCLEX-RN / (Record no. 5688)
[ view plain ]
| 000 -LEADER | |
|---|---|
| fixed length control field | 01246pam a2200337 a 4500 |
| 001 - CONTROL NUMBER | |
| control field | 2452500 |
| 005 - DATE AND TIME OF LATEST TRANSACTION | |
| control field | 20170315163337.0 |
| 008 - FIXED-LENGTH DATA ELEMENTS--GENERAL INFORMATION | |
| fixed length control field | 890811s1990 pau b 000 0 eng c |
| 035 ## - SYSTEM CONTROL NUMBER | |
| -- | (DLC) 89013081 |
| 010 ## - LIBRARY OF CONGRESS CONTROL NUMBER | |
| LC control number | 89013081 |
| 020 ## - INTERNATIONAL STANDARD BOOK NUMBER | |
| International Standard Book Number | 0397547226 : |
| Terms of availability | $21.50 (est.) |
| 040 ## - CATALOGING SOURCE | |
| Original cataloging agency | DNLM/DLC |
| Transcribing agency | DLC |
| Modifying agency | DLC |
| 050 00 - LIBRARY OF CONGRESS CALL NUMBER | |
| Classification number | RT55 |
| Item number | .M29 1990 |
| 060 ## - NATIONAL LIBRARY OF MEDICINE CALL NUMBER | |
| Classification number | WY 18 M47755L |
| 082 00 - DEWEY DECIMAL CLASSIFICATION NUMBER | |
| Classification number | 610.73/076 |
| Edition number | 20 |
| 100 1# - MAIN ENTRY--PERSONAL NAME | |
| Personal name | McConnell, Edwina A. |
| 245 10 - TITLE STATEMENT | |
| Title | Lippincott's State board review for NCLEX-RN / |
| Statement of responsibility, etc. | Edwina A. McConnell, LuVerne Wolff Lewis. |
| 250 ## - EDITION STATEMENT | |
| Edition statement | 4th ed. |
| 260 ## - PUBLICATION, DISTRIBUTION, ETC. (IMPRINT) | |
| Place of publication, distribution, etc. | Philadelphia : |
| Name of publisher, distributor, etc. | Lippincott, |
| Date of publication, distribution, etc. | c1990. |
| 300 ## - PHYSICAL DESCRIPTION | |
| Extent | xxii, 591 p. ; |
| Dimensions | 28 cm. |
| 500 ## - GENERAL NOTE | |
| General note | Rev. ed. of: Lippincott's State board review for NCLEX-RN / LuVerne Wolff Lewis. 3rd ed. c1986. |
| 504 ## - BIBLIOGRAPHY, ETC. NOTE | |
| Bibliography, etc | Includes bibliographical references. |
| 650 #0 - SUBJECT ADDED ENTRY--TOPICAL TERM | |
| Topical term or geographic name as entry element | Nursing |
| General subdivision | Examinations, questions, etc. |
| 650 #2 - SUBJECT ADDED ENTRY--TOPICAL TERM | |
| Topical term or geographic name as entry element | Nursing |
| General subdivision | examination questions. |
| 700 1# - ADDED ENTRY--PERSONAL NAME | |
| Personal name | Lewis, LuVerne Wolff. |
| 700 1# - ADDED ENTRY--PERSONAL NAME | |
| Personal name | Lewis, LuVerne Wolff. |
| Title of a work | Lippincott's State board review for NCLEX-RN. |
| 740 0# - ADDED ENTRY--UNCONTROLLED RELATED/ANALYTICAL TITLE | |
| Uncontrolled related/analytical title | State board review of NCLEX-RN. |
| 906 ## - LOCAL DATA ELEMENT F, LDF (RLIN) | |
| a | 7 |
| b | cbc |
| c | orignew |
| d | u |
| e | ocip |
| f | 19 |
| g | y-gencatlg |
| 991 ## - | |
| -- | c-GenColl |
| -- | RT55 |
| -- | .M29 1990 |
| -- | 00025852928 |
| -- | Copy 1 |
| -- | BOOKS |
No items available.
